000
00296nam a22001337a 4500
008
180914b xxu||||| |||| 00| 0 eng d
020
_a
9780781722681
041
_a
eng
080
_2
4 ED
_a
617
100
_a
6
101
_a
ANA
245
_a
Clinical Anesthesia
_c
Barash.P.G
942
_2
udc
_c
BK
999
_c
47804
_d
47804